000 00399nam a2200157Ia 4500
008 210210b1985 xxu||||| |||| 00| 0 eng d
020 _a0 02 946044 1
082 _a596 POUV
100 _aPOUGH (F Harvey) and others.
245 _aVertebrate life.
260 _aNY
_bMacmillan Publishers Ltd.
_c1985
300 _axv,903,I-39
650 _aVertebrate life
690 _aZoology
906 _a046958
999 _c96246
_d96246